| 000 | 00646cam a2200229u 4500 | ||
|---|---|---|---|
| 003 | OSt | ||
| 005 | 20160127164704.0 | ||
| 008 | 830909s2005 enk 000 0 eng | ||
| 010 | _a 42036015 | ||
| 020 | _a84-9815-219-4 | ||
| 040 | _cBMC | ||
| 082 | _a823.438 | ||
| 100 | 1 |
_aSienkiewicz, Henryk _d1846-1916 _930934 |
|
| 245 | 1 | 0 |
_aQuo vadis...? _cEnrique Sienkiewicz; [traducción, Ruth Hoenigsfeld] |
| 260 |
_aMadrid _bEl país _c2005 |
||
| 300 |
_a589 p. _c21 cm |
||
| 490 |
_aNovela histórica _v15 |
||
| 595 | _aTraducción de: Quo Vadis | ||
| 650 | 2 | 4 |
_aNovela Polaca _922976 |
| 700 | 1 |
_938179 _aHoenigsfeld, Ruth |
|
| 942 |
_2ddc _cBK |
||
| 999 |
_c24575 _d24575 |
||